000 00559nam a2200193Ia 4500
005 20260122095426.0
008 260121s9999||||xx |||||||||||||| ||und||
020 _a9781284126266
082 _a616.98
_bSCA
100 _aSeaward, Brian Luke
245 0 _aManaging stress :
_bprinciples and strategies for health and well-being /
250 _a9 ed.
260 _aBurlington :
_bJones and Bartlett,
_c2018.
300 _axxiv, 584 p. ; pbk
650 _aMedical Terminology
650 _aProgrammed Learning
650 _aQuick and Concise
942 _cTB
999 _c47587
_d47587